00873nam a22002537a 4500003000500000005001700005008004100022010001000063011001000073035001000083040000900093100003400102245013300136260004000269300001000309502007500319650002900394650003300423650003900456650005000495650002400545650002300569700002700592CHAP20220329134255.0971013s1994 r 00010 d a17963 a18935 a23020 cCHAP00aEspitia Simón, José Luis. aEvaluación de métodos determinísticos y estocásticos de formulación de dietas para pollos de engorda en finalización aChapingo, Méx. :bEl autor,c1994 a63 h. aTesis (Ing. Agr. Esp. en Zootecnia) -- UACH. Departamento de Zootecnia14aAves de corralxEngorda.14aAves de corralxNutrición.14aAviculturaxModelos matemáticos.14aProteínas en nutrición de aves de corral.14aSorgoxProteínas.14aSoyaxProteínas.0 aLópez Cruz, Mario J.